[Event "Regionalliga NW 0304"]
[Site "Bayern"]
[Date "2004.03.07"]
[Round "7.8"]
[White "Buchinger, Bernd"]
[Black "Fredrich, Viktor"]
[Result "0-1"]
[WhiteElo "1844"]
[BlackElo "1954"]
[PlyCount "82"]
[EventDate "2003.10.12"]
[EventType "team-tourn"]
[EventRounds "9"]
[EventCountry "GER"]
[SourceTitle "EXT 2006"]
[Source "ChessBase"]
[SourceDate "2005.11.24"]
[SourceVersion "1"]
[SourceVersionDate "2005.11.24"]
[SourceQuality "1"]
[WhiteTeam "Kitzingen"]
[BlackTeam "Kulmbach"]
[WhiteTeamCountry "GER"]
[BlackTeamCountry "GER"]

1. c4 e6 2. d4 d5 3. Nc3 Nf6 4. Nf3 Be7 5. Bg5 0-0 6. e3 c6 7. Qc2 h6 8. Bf4 Bd6 9. Be5 a5 10. c5 Bxe5 11. Nxe5 Nfd7 12. Nd3 e5 13. dxe5 Qe7 14. Na4 Nxe5 15. Nxe5 Qxe5 16. Nb6 Bf5 17. Qd2 Ra7 18. Be2 Be4 19. 0-0 Re8 20. f4 Qe7 21. Rac1 Na6 22. Bxa6 Rxa6 23. a4 Qd8 24. Rfe1 Re6 25. Re2 Bf5 26. Rce1 Re4 27. h3 h5 28. Kh2 Qe8 29. Qc1 d4 30. g3 d3 31. Rg2 Qe6 32. g4 hxg4 33. hxg4 Bxg4 34. Qc3 Qh6+ 35. Kg1 Be2 36. b3 Rxe3 37. Nd7 Re6 38. f5 Qe3+ 39. Rf2 Re4 40. Rexe2 dxe2 41. Qe1 Qg3+ 0-1

[Event "Regionalliga NW 0304"]
[Site "Bayern"]
[Date "2004.02.15"]
[Round "6.8"]
[White "Lechleitner, Walter"]
[Black "Buchinger, Bernd"]
[Result "1-0"]
[WhiteElo "1953"]
[BlackElo "1844"]
[PlyCount "95"]
[EventDate "2003.10.12"]
[EventType "team-tourn"]
[EventRounds "9"]
[EventCountry "GER"]
[SourceTitle "EXT 2006"]
[Source "ChessBase"]
[SourceDate "2005.11.24"]
[SourceVersion "1"]
[SourceVersionDate "2005.11.24"]
[SourceQuality "1"]
[WhiteTeam "Kronach"]
[BlackTeam "Kitzingen"]
[WhiteTeamCountry "GER"]
[BlackTeamCountry "GER"]

1. d4 d5 2. c4 dxc4 3. Nf3 Nf6 4. e3 Bg4 5. Bxc4 c6 6. Bxf7+ Kxf7 7. Ne5+ Ke8 8. Nxg4 Nxg4 9. Qxg4 Na6 10. Nc3 Nb4 11. 0-0 g6 12. Bd2 Nd5 13. Rac1 Bg7 14. a3 Nf6 15. Qe2 Kf7 16. Qc4+ e6 17. Ne2 Re8 18. f4 Ne4 19. Bc3 Qd5 20. Qb4 b5 21. Qa5 Rec8 22. Bd2 Nxd2 23. Qxd2 c5 24. Nc3 Qd7 25. Ne2 cxd4 26. Nxd4 Rxc1 27. Rxc1 Kg8 28. Qd3 Rd8 29. Rd1 g5 30. g3 gxf4 31. gxf4 e5 32. fxe5 Qg4+ 33. Kh1 Kh8 34. Rg1 Qh5 35. Rxg7 Kxg7 36. Ne6+ Kh6 37. Nxd8 Qf3+ 38. Kg1 Qg4+ 39. Kf1 Qh3+ 40. Ke1 Qxh2 41. e6 Qg1+ 42. Kd2 Qf2+ 43. Kc3 Qf6+ 44. Kb3 Qh4 45. Nf7+ Kg7 46. Qc3+ Kg6 47. Qd3+ Kf6 48. Qd8+ 1-0

[Event "Regionalliga NW 0304"]
[Site "Bayern"]
[Date "2003.10.12"]
[Round "1.8"]
[White "Fischer, Thomas1"]
[Black "Buchinger, Bernd"]
[Result "1/2-1/2"]
[WhiteElo "1784"]
[BlackElo "1844"]
[PlyCount "48"]
[EventDate "2003.10.12"]
[EventType "team-tourn"]
[EventRounds "9"]
[EventCountry "GER"]
[SourceTitle "EXT 2006"]
[Source "ChessBase"]
[SourceDate "2005.11.24"]
[SourceVersion "1"]
[SourceVersionDate "2005.11.24"]
[SourceQuality "1"]
[WhiteTeam "Koenigshofen"]
[BlackTeam "Kitzingen"]
[WhiteTeamCountry "GER"]
[BlackTeamCountry "GER"]

1. Nf3 d5 2. c4 e6 3. g3 Nf6 4. Bg2 Be7 5. 0-0 0-0 6. b3 dxc4 7. bxc4 c5 8. Nc3 Nc6 9. d3 a6 10. Rb1 Qc7 11. Bd2 Rb8 12. Qc2 Bd7 13. Bf4 Bd6 14. Bxd6 Qxd6 15. Rb2 Qc7 16. Rfb1 Nd8 17. Na4 Re8 18. Nd2 Re7 19. Rb6 Bxa4 20. Qxa4 Nd7 21. R6b2 f5 22. Qa3 Rf7 23. Nf3 h6 24. Qc3 Nc6 1/2-1/2